Rājadhāni taka pahun̐ca / (Record no. 74916)

MARC details
000 -LEADER
fixed length control field 00568cam a2200205 a 4500
001 - CONTROL NUMBER
control field sa 67005036
003 - CONTROL NUMBER IDENTIFIER
control field DLC
005 - DATE AND TIME OF LATEST TRANSACTION
control field 20260227112353.0
008 - FIXED-LENGTH DATA ELEMENTS--GENERAL INFORMATION
fixed length control field 840713s1963 ii 000 j hino
010 ## - LIBRARY OF CONGRESS CONTROL NUMBER
LC control number sa 67005036
040 ## - CATALOGING SOURCE
Original cataloging agency DLC
Transcribing agency DLC
050 00 - LIBRARY OF CONGRESS CALL NUMBER
Classification number PK2098.G597
Item number R35 1963
100 1# - MAIN ENTRY--PERSONAL NAME
Personal name Goyal, Narendra,
Dates associated with a name 1925-
245 10 - TITLE STATEMENT
Title Rājadhāni taka pahun̐ca /
Statement of responsibility, etc. lekhaka Narendra Goyala.
250 ## - EDITION STATEMENT
Edition statement 1. saṃskaraṇa.
260 ## - PUBLICATION, DISTRIBUTION, ETC.
Place of publication, distribution, etc. Lakhanaū :
Name of publisher, distributor, etc. Prakāśa Pākeṭa Buksa,
Date of publication, distribution, etc. 1963.
300 ## - PHYSICAL DESCRIPTION
Extent 96 p. ;
Dimensions 17 cm.
500 ## - GENERAL NOTE
General note Short stories.
546 ## - LANGUAGE NOTE
Language note In Hindi.

No items available.

Powered by Koha